Reflections of Men /

محفوظ في:
التفاصيل البيبلوغرافية
المؤلف الرئيسي: Dean, Roy
التنسيق: كتاب
اللغة:الإنجليزية
منشور في: North Hollywood (CA) Arena Publications 1987
الوسوم: إضافة وسم
لا توجد وسوم, كن أول من يضع وسما على هذه التسجيلة!

MARC

LEADER 00000nam a2200000 4500
001 CDOM0000003965
003 mi
005 20251006102850.0
008 251006b |||||||| |||| 00| 0 eng d
040 |c mi 
100 |a Dean, Roy 
245 1 |a Reflections of Men /  |c Roy Dean 
260 |a North Hollywood (CA)  |b Arena Publications  |c 1987 
300 |a 96 p.  |b fot.  |c 27,8 cm. 
942 |2 ddc  |c BK 
952 |0 0  |1 0  |2 ddc  |4 0  |6 B_AFT01DEAROREF11  |7 0  |9 7122  |a MI  |b MI  |d 2009-10-13  |i 5710  |l 0  |o B-AFT01-DEARO-REF11  |p CDOM5710  |r 2025-07-13 16:28:00  |w 2025-07-13  |x ACQUISTO. Copia molto danneggiata, con pagine mobili e retro di copertina strappata  |y BK 
999 |c 5823  |d 5823